[Event "La Palma Island op"]
[Site "Santa Cruz de La Palma"]
[Date "2022.08.07"]
[Round "3"]
[White "Perez Bolanos, Joel"]
[Black "Martin Rodriguez, Jose Carlos"]
[Result "1-0"]
[WhiteElo "2062"]
[BlackElo "1804"]
[PlyCount "69"]
[EventDate "2022.08.06"]
[EventType "swiss"]
[EventRounds "9"]
[EventCountry "ESP"]
[SourceTitle "CBM 209 Extra"]
[Source "ChessBase"]
[SourceDate "2022.09.30"]
[SourceVersion "1"]
[SourceVersionDate "2022.09.30"]
[SourceQuality "1"]

1. d4 d6 2. c4 Nf6 3. Nc3 g6 4. e4 Bg7 5. h3 Nc6 6. d5 Nb8 7. Be3 e5 8. Nge2 0-0 9. g4 c6 10. Ng3 cxd5 11. cxd5 a6 12. a4 Nbd7 13. Be2 Qa5 14. Rb1 Qb4 15. Bd2 Nc5 16. Nb5 Qb3 17. Qxb3 Nxb3 18. Nxd6 Rd8 19. Nc4 Nd7 20. Be3 Bf8 21. 0-0 f6 22. Bd1 Nd4 23. Bxd4 exd4 24. Ne2 b5 25. Na5 Nc5 26. f3 d3 27. Nc3 Bd7 28. axb5 axb5 29. Nc6 Bxc6 30. dxc6 Rdc8 31. Nxb5 Rxc6 32. b4 Nd7 33. Bb3+ Kg7 34. Bd5 Ne5 35. f4 1-0

[Event "Canarias-ch Seniors"]
[Site "Brena Baja"]
[Date "2022.06.03"]
[Round "5"]
[White "Martin Rodriguez, Jose Carlos"]
[Black "Gutierrez Perez, Jose"]
[Result "0-1"]
[WhiteElo "1703"]
[BlackElo "1918"]
[PlyCount "53"]
[EventDate "2022.06.01"]
[EventType "swiss"]
[EventRounds "6"]
[EventCountry "ESP"]
[SourceTitle "CBM 208 Extra"]
[Source "ChessBase"]
[SourceDate "2022.07.31"]
[SourceVersion "1"]
[SourceVersionDate "2022.07.31"]
[SourceQuality "1"]

1. d4 d5 2. c4 e6 3. Nc3 f5 4. cxd5 exd5 5. Nf3 Nf6 6. g3 c6 7. Bg2 Be7 8. 0-0 0-0 9. Bf4 Ne4 10. Ne5 Nd7 11. Nd3 Bf6 12. Be5 Qe7 13. Bxf6 Qxf6 14. e3 Re8 15. Rc1 g5 16. b4 Kg7 17. Qh5 Re6 18. Nxe4 dxe4 19. Nb2 Nb6 20. a4 a5 21. b5 Bd7 22. bxc6 Bxc6 23. Ra1 g4 24. h4 h6 25. Rfc1 Be8 26. Rc7+ Kf8 27. Qxe8+ 0-1

[Event "El Sauzal op 8th"]
[Site "El Sauzal"]
[Date "2007.11.04"]
[Round "8"]
[White "Ramos Aguilar, Jose Manuel"]
[Black "Martin Rodriguez, Jose Carlos"]
[Result "1-0"]
[WhiteElo "2226"]
[BlackElo "1919"]
[PlyCount "69"]
[EventDate "2007.11.03"]
[EventType "swiss (rapid)"]
[EventRounds "9"]
[EventCountry "ESP"]
[SourceTitle "CBM 121 Extra"]
[Source "ChessBase"]
[SourceDate "2008.01.10"]
[SourceVersion "1"]
[SourceVersionDate "2008.01.10"]
[SourceQuality "1"]

1. d4 d5 2. c4 c6 3. Nf3 Nf6 4. Nc3 Bf5 5. Nh4 Bg4 6. h3 Bd7 7. e3 g6 8. Be2 Bg7 9. 0-0 0-0 10. Nf3 Ne4 11. Nxe4 dxe4 12. Nd2 f5 13. f3 e5 14. fxe4 exd4 15. exd4 Bxd4+ 16. Kh1 Na6 17. Nf3 Bg7 18. Bg5 Qc7 19. e5 Nc5 20. Be7 Ne4 21. Bxf8 Rxf8 22. Qe1 Bxe5 23. Nxe5 Qxe5 24. Bf3 Ng3+ 25. Kg1 Qc7 26. Rf2 Re8 27. Qc3 Be6 28. Re1 Kf7 29. c5 h5 30. Rd2 h4 31. Rd6 g5 32. Qe5 Qc8 33. Bd1 Ne4 34. Rxe4 fxe4 35. Bh5+ 1-0

[Event "El Sauzal op 7th"]
[Site "El Sauzal"]
[Date "2006.11.04"]
[Round "2"]
[White "Komljenovic, Davorin"]
[Black "Martin Rodriguez, Jose Carlos"]
[Result "1-0"]
[WhiteElo "2487"]
[BlackElo "2016"]
[PlyCount "42"]
[EventDate "2006.11.04"]
[EventType "swiss (rapid)"]
[EventRounds "9"]
[EventCountry "ESP"]
[SourceTitle "CBM 115 Extra"]
[Source "ChessBase"]
[SourceDate "2007.01.10"]
[SourceVersion "1"]
[SourceVersionDate "2007.01.10"]
[SourceQuality "1"]

1. c4 c5 2. Nc3 Nc6 3. g3 Nf6 4. Bg2 e6 5. Nf3 Be7 6. 0-0 0-0 7. d4 cxd4 8. Nxd4 a6 9. Bf4 d5 10. cxd5 exd5 11. Rc1 Nxd4 12. Qxd4 Be6 13. Rfd1 Rc8 14. Nxd5 Nxd5 15. Rxc8 Qxc8 16. Bxd5 Rd8 17. e4 Qd7 18. h4 Qb5 19. Kg2 Bc5 20. Qc3 Bb4 21. Qb3 Qe2 1-0